[Event "Hannover-ch op"]
[Site "Stadthagen"]
[Date "2009.10.04"]
[Round "3"]
[White "Rabsch, Peter"]
[Black "Schroeder, Reinhard"]
[Result "1-0"]
[WhiteElo "1339"]
[BlackElo "1638"]
[PlyCount "55"]
[EventDate "2009.10.01"]
[EventType "swiss"]
[EventRounds "7"]
[EventCountry "GER"]
[SourceTitle "EXT 2021"]
[Source "ChessBase"]
[SourceDate "2020.10.23"]
[SourceVersion "1"]
[SourceVersionDate "2020.10.23"]
[SourceQuality "1"]

1. d4 d5 2. Bf4 e6 3. e3 c5 4. c3 Nc6 5. Nf3 cxd4 6. exd4 Nf6 7. Ne5 g6 8. Nd2 Bg7 9. Be2 0-0 10. 0-0 Nd7 11. Nxd7 Bxd7 12. Qb3 Qc8 13. Nf3 a6 14. Rfe1 b5 15. a3 Ra7 16. Qc2 Nxd4 17. Nxd4 Bxd4 18. Qd2 Bg7 19. Bh6 Bc6 20. Bxg7 Kxg7 21. Qd4+ e5 22. Qxa7 Qf5 23. Qe3 Re8 24. Qg3 h5 25. h3 Re6 26. Rad1 Kh6 27. Qf3 Qg5 28. Qe3 1-0

[Event "Hannover-ch op"]
[Site "Stadthagen"]
[Date "2009.10.04"]
[Round "4"]
[White "Schroeder, Reinhard"]
[Black "Mueller, Florian"]
[Result "0-1"]
[WhiteElo "1638"]
[BlackElo "1553"]
[PlyCount "82"]
[EventDate "2009.10.01"]
[EventType "swiss"]
[EventRounds "7"]
[EventCountry "GER"]
[SourceTitle "EXT 2021"]
[Source "ChessBase"]
[SourceDate "2020.10.23"]
[SourceVersion "1"]
[SourceVersionDate "2020.10.23"]
[SourceQuality "1"]

1. e4 c6 2. d4 d5 3. Nc3 dxe4 4. f3 exf3 5. Nxf3 Bf5 6. Bc4 e6 7. 0-0 Nf6 8. Ne5 Bxc2 9. Qxc2 Qxd4+ 10. Kh1 Qxe5 11. Bf4 Qa5 12. Rae1 Bb4 13. Re5 Qd8 14. Bxe6 0-0 15. Rd1 Qb6 16. Na4 Qa6 17. Bf5 b5 18. Nc5 Bxc5 19. Rxc5 Qa4 20. Qc1 Nd5 21. Bc2 Qxf4 22. Qb1 g6 23. Bb3 Qb4 24. Rcc1 Qd6 25. Qe4 Rd8 26. Qh4 Na6 27. Rc3 Qe7 28. Qxe7 Nxe7 29. Rf1 Rf8 30. a4 bxa4 31. Bxa4 Nb4 32. Bb3 Ned5 33. Rcf3 a5 34. Ba4 Rae8 35. h3 Re2 36. b3 Nb6 37. R3f2 Rxf2 38. Rxf2 Rc8 39. Re2 Nxa4 40. bxa4 c5 41. Re3 c4 0-1